এক মুক্তিযোদ্ধার না বলা কথা / (Record no. 75173)
[ view plain ]
| 000 -LEADER | |
|---|---|
| fixed length control field | 01036nam a2200241 a 4500 |
| 001 - CONTROL NUMBER | |
| control field | 75173 |
| 003 - CONTROL NUMBER IDENTIFIER | |
| rucl marc code | BD-RjUL |
| 005 - DATE AND TIME OF LATEST TRANSACTION | |
| control field | 20211209082645.0 |
| 008 - FIXED-LENGTH DATA ELEMENTS--GENERAL INFORMATION | |
| fixed length control field | 190128s2017 bg a|||| b||| 001 0dben d |
| 020 ## - INTERNATIONAL STANDARD BOOK NUMBER | |
| International Standard Book Number | 9789849263265 |
| Terms of availability | : Tk. 300.00 |
| 035 ## - SYSTEM CONTROL NUMBER | |
| System control number | (BD-RjUL)75391 |
| 040 ## - CATALOGING SOURCE | |
| Original cataloging agency | BD-RjUL |
| Language of cataloging | ben |
| Transcribing agency | BD-RjUL |
| Modifying agency | BD-RjUL |
| Description conventions | BD-RjUL |
| 041 ## - LANGUAGE CODE | |
| Language code of text/sound track or separate title | ben |
| 082 ## - DEWEY DECIMAL CLASSIFICATION NUMBER | |
| Edition number | 23 |
| Classification number | 954.9205092 |
| Author mark and year | MAA 2017 |
| 100 1# - MAIN ENTRY--PERSONAL NAME | |
| Personal name | মনসুর, সিনহা আবুল |
| 9 (RLIN) | 227462 |
| 245 1# - TITLE STATEMENT | |
| Title | এক মুক্তিযোদ্ধার না বলা কথা / |
| Statement of responsibility, etc. | সিনহা আবুল মনসুর |
| 260 ## - PUBLICATION, DISTRIBUTION, ETC. (IMPRINT) | |
| Place of publication, distribution, etc. | ঢাকা : |
| Name of publisher, distributor, etc. | বিদ্যাপ্রকাশ, |
| Date of publication, distribution, etc. | ২০১৭ |
| 300 ## - PHYSICAL DESCRIPTION | |
| Pagination | ২২৩ পৃ. : |
| Illustrations | চিত্র ; |
| Size | ২২ সেমি. |
| 504 ## - BIBLIOGRAPHY, ETC. NOTE | |
| Bibliography, etc | গ্রন্থপঞ্জী সংযুক্ত। |
| 650 ## - SUBJECT ADDED ENTRY--TOPICAL TERM | |
| Topical term or geographic name as entry element | বাংলাদেশ |
| Form subdivision | ইতিহাস |
| Chronological subdivision | বিপ্লব, ১৯৭১ |
| General subdivision | সূত্র। |
| 9 (RLIN) | 227463 |
| Topical term or geographic name as entry element | Bangladesh |
| Form subdivision | History |
| Chronological subdivision | Revolution, 1971 |
| General subdivision | Sources. |
| 9 (RLIN) | 227464 |
| 942 ## - ADDED ENTRY ELEMENTS (KOHA) | |
| Source of classification or shelving scheme | Dewey Decimal Classification |
| Koha item type | Books |
| Lost status | Source of classification or shelving scheme | Damaged status | Not for loan | Collection code | Permanent Location | Current Location | Shelving location | Date acquired | Source of acquisition | Cost, normal purchase price | Total Checkouts | Full call number | Date last seen | Copy number | Koha item type |
|---|---|---|---|---|---|---|---|---|---|---|---|---|---|---|---|
| Dewey Decimal Classification | Not For Loan | Non-fiction | Central Library, University of Rajshahi | Central Library, University of Rajshahi | Reading Room | 27/03/2017 | News Home, Rajshahi | 300.00 | B 954.9205092 MAA 2017 | 28/01/2019 | C-1 | Books |